000 00633nam a2200217 i 4500
003 DO-SdBNP
005 20231004135630.0
006 a||||gr|||| 00| 0
007 ta
008 231004t2016 sp ||||| |||| 00| 0 spa d
040 _aDO-SdBNP
_bspa
_cBNPHU
_erda
082 4 _222
_bA282v
245 0 0 _aAgua viva:
_bel Santo evangelio según San Juan, con notas de estudio /
264 _aEspaña :
_bReina Valera,
_c2016
300 _a67 páginas ;
_c15 cm.
336 _2rdacontent
_atexto
_btxt
337 _2rdamedia
_asin mediación
_bn
338 _2rdacarrier
_avolumen
_bnc
590 _aInventariado 2023 / MF
942 _2ddc
_cLBS1
999 _c55075
_d55075